L'Arménie pour les touristes... - Statistiques

Statistiques générales
  • Ce quiz a été pris 138 fois
  • Le résultat moyen est 7 sur 20
Statistiques - réponses
Question Indice Réponses % Correct
Quelle est la langue officielle ? Arménien
100%
Quelle est la monnaie ? Dram
66%
Achats à faire 3/ Souvenirs du mont Ararat
62%
Dans la capitale quel est le décalage horaire avec Paris ? (+ ou - et chiffre) ex - 10 ou + 3,5 + 2
61%
Le principal aéroport est E Erevan
59%
Quelles sont les principaux lieux touristiques ? S Parc national de {Sevan}
58%
Combien d'heures (environ) mettrez-vous pour vous y rendre ? (en chiffres) 5
55%
La religion majoritaire est Christianisme
51%
Achats à faire 1/ Boisson Vin
43%
Code sur les plaques minéralogiques AM
33%
Le suffixe internet est am
33%
Quel est le climat local ? C Continental
20%
Quelles sont les principaux lieux touristiques ? K V Monastère de {Khor Virap}
20%
Quel est le régime du pays ? R P République parlementaire
19%
Quelles sont les principaux lieux touristiques ? G Monastère {Geghard}
8%
Comment se nomme la principale compagnie aérienne locale F O A Fly One Armenia
7%
Achats à faire 2/ Délices sucrés Fruits secs
3%
Achats à faire 4/ Un tapis de type Kilim
1%
Quelles sont les principaux lieux touristiques ? K Lac {Kari}
1%
Quelles sont les principaux lieux touristiques ? D Canyon du {Debed}
0%
Aucun quiz correspondant
Distribution des résultats
% des personnes avec chaque résultat
Percentile par nombre de réponses
Votre historique - résultats
Vous n’avez pas pris ce quiz